[Event "FRA-ch U16"]
[Site "Montlucon"]
[Date "2011.04.17"]
[Round "1"]
[White "Feryn, Benjamin"]
[Black "Flory, Philippe"]
[Result "1-0"]
[WhiteElo "2056"]
[BlackElo "1810"]
[PlyCount "49"]
[EventDate "2011.04.17"]
[EventType "swiss"]
[EventRounds "9"]
[EventCountry "FRA"]
[SourceTitle "CBM 142 Extra"]
[Source "ChessBase"]
[SourceDate "2011.06.27"]
[SourceVersion "1"]
[SourceVersionDate "2011.06.27"]
[SourceQuality "1"]

1. e4 e5 2. Nf3 Nc6 3. Bc4 Bc5 4. 0-0 Nf6 5. d4 Bxd4 6. Nxd4 Nxd4 7. f4 Nc6 8. Bxf7+ Kxf7 9. fxe5 Nxe5 10. Qd5+ Kf8 11. Qxe5 d6 12. Qd4 Be6 13. Bg5 Kf7 14. Nc3 h6 15. Bxf6 gxf6 16. Nd5 Bxd5 17. Qxd5+ Kg7 18. Rf3 Qe7 19. Rg3+ Kf8 20. Rf1 c6 21. Qf5 Rh7 22. Qg6 Rg7 23. Qxh6 Kg8 24. Rxf6 Rf8 25. Rxg7+ 1-0